000 00519nam a2200193Ia 4500
005 20260429111910.0
008 260429s9999||||xx |||||||||||||| ||und||
020 _a9789351112518
041 _aEnglish
082 _a572.8
_bTAN
100 _aTandan, Neeraj
245 0 _aCell and molecular biology /
_cNeeraj Tandan
260 _aNew Delhi :
_bRandom Publications,
_c2014.
300 _ax, 286 p.; hb
650 _a Biochemical genetics
650 _a Molecular biology
650 _aBiochemistry
942 _cTB
999 _c51330
_d51330